Sabji Utpadan Taknik / (Record no. 52374)
[ view plain ]
| 000 -LEADER | |
|---|---|
| fixed length control field | 00712nam a22002417a 4500 |
| 003 - CONTROL NUMBER IDENTIFIER | |
| control field | OSt |
| 008 - FIXED-LENGTH DATA ELEMENTS--GENERAL INFORMATION | |
| fixed length control field | 260627b |||||||| |||| 00| 0 eng d |
| 020 ## - INTERNATIONAL STANDARD BOOK NUMBER | |
| International Standard Book Number | 8170195965 |
| 082 ## - DEWEY DECIMAL CLASSIFICATION NUMBER | |
| Classification number | 635.048 |
| Item number | N21S |
| 245 ## - TITLE STATEMENT | |
| Title | Sabji Utpadan Taknik / |
| Statement of responsibility, etc. | by Raj Narayan...[et al.]; edited by Shivshankar |
| 260 ## - PUBLICATION, DISTRIBUTION, ETC. (IMPRINT) | |
| Place of publication, distribution, etc | .- New Delhi |
| Name of publisher, distributor, etc | : Today & Tomorrow's |
| Date of publication, distribution, etc | , 2018 |
| 300 ## - PHYSICAL DESCRIPTION | |
| Extent | 272p. |
| 650 ## - SUBJECT ADDED ENTRY--TOPICAL TERM | |
| Topical term or geographic name as entry element | Technology (Applied Sciences) |
| 650 ## - SUBJECT ADDED ENTRY--TOPICAL TERM | |
| Topical term or geographic name as entry element | Agriculture and Related Technologies |
| 650 ## - SUBJECT ADDED ENTRY--TOPICAL TERM | |
| Topical term or geographic name as entry element | Vegetables |
| 650 ## - SUBJECT ADDED ENTRY--TOPICAL TERM | |
| Topical term or geographic name as entry element | Cultivation Techniques |
| 700 ## - ADDED ENTRY--PERSONAL NAME | |
| Personal name | Narayan, Raj. |
| 700 ## - ADDED ENTRY--PERSONAL NAME | |
| Personal name | Singh, Narendra Pratap. |
| 700 ## - ADDED ENTRY--PERSONAL NAME | |
| Personal name | Kanojiya, Satya Prakash. |
| 700 ## - ADDED ENTRY--PERSONAL NAME | |
| Personal name | Narayan, Sumit. |
| 700 ## - ADDED ENTRY--PERSONAL NAME | |
| Personal name | Shivshankar |
| 942 ## - ADDED ENTRY ELEMENTS (KOHA) | |
| Source of classification or shelving scheme | |
| Koha item type | Books |
| Withdrawn status | Lost status | Source of classification or shelving scheme | Damaged status | Not for loan | Home library | Current library | Date acquired | Source of acquisition | Cost, normal purchase price | Total Checkouts | Full call number | Barcode | Date last seen | Bill Date | Koha item type | Bill Number |
|---|---|---|---|---|---|---|---|---|---|---|---|---|---|---|---|---|
| Dr. Rajendra Prasad Central Agricultural University Pusa, | Dr. Rajendra Prasad Central Agricultural University Pusa, | 27/06/2026 | TTPP, New Delhi | 2595.00 | 635.048 N21S | 87708 | 27/06/2026 | 29/01/2026 | Books | IN-00449 |